000 00969cam a22003137a 4500
003 CHAP
005 20220817042555.0
008 971013s1966 r 00010 d
010 _a48558
011 _a49530
035 _a53679
040 _cCHAP
082 _a581.15
_bR5
100 0 0 _aRiley, Ralph.
_997433
245 0 _aChromosome manipulations and plant genetics
260 _aEdinburgh :
_bOliver and Boyd,
_c1966
300 _a123 p.
_b: láms.
590 _aBATCH-UPD
_b10
_c20130110
_lUCH01
_h0924
590 _aBATCH-UPD
_b10
_c20130410
_lUCH01
_h0545
590 _aBATCH-UPD
_b10
_c20130914
_lUCH01
_h1104
590 _aCONVERSION
_b10
_c20130109
_lUCH01
_h1326
650 1 4 _aCromosomas.
_929152
650 1 4 _aGenética vegetal.
700 0 _aLewis, K. R.
_966530
901 _aBK
942 _cLIBRO
949 _a581,15 R5
_bBC
_cLIBRO
_d33724000546685
_eLIBRO
_fc.2
_h15521
_i53679
_si
949 _a581.15 R5
_bBC
_cLIBRO
_d33724000546693
_eLIBRO
_h13041
_i53679
_si
999 _c48558
_d48558